BIODIESEL Fuels : Science, technology, health and environment

Պահպանված է:
Մատենագիտական մանրամասներ
Ձևաչափ: Գիրք
Լեզու:անգլերեն
Հրապարակվել է: CRC Press 2021
Ցուցիչներ: Ավելացրեք ցուցիչ
Չկան պիտակներ, Եղեք առաջինը, ով նշում է այս գրառումը!

MARC

LEADER 00000nam a22000007a 4500
008 240606b |||||||| |||| 00| 0 eng d
020 |a 9780367456146 
245 |a BIODIESEL Fuels  |b : Science, technology, health and environment  |c Ozcan Konur  |g xvi,432p. ill 
250 |c KONUR Ozcan 
260 |b CRC Press  |c 2021  |h Boca Raton, Florida  |i 702500  |l TP359.B52  |m Biodiesel fuels 
500 |a It includes references and index 
942 |a lcc  |c BK  |e Adeyemo O.O  |f 06/06/2024 
952 |0 0  |1 0  |2 lcc  |4 0  |6 TP0359 B52  |7 0  |9 5253  |a HOL  |b HOL  |c QZ  |d 2024-06-06  |l 0  |o TP359.B52  |p 2024-0497  |r 2024-06-06 00:00:00  |t 702500  |w 2024-06-06  |y BK 
999 |c 2604  |d 2604